4-Letter Presidents Quiz Stats

 Plays Quiz Updated Jun 3, 2014

Support Sporcle.
Go Orange.
Score 0/5 Timer 00:30
3 Plays Today
% Correct
George H.W. Bush
91.3%
George W. Bush
91.2%
James K. Polk
80.9%
William Howard Taft
75.5%
Gerald Ford
73.6%

You're not logged in!

Compare scores with friends on all Sporcle quizzes.
OR
Log In

From the Vault

Steve Buscemi Movies

by mpolzkill

We liked him in that one movie where he played the creepy guy.
Remove Ads.
Support Sporcle.
Get the best of Sporcle when you Go Orange. This ad-free experience offers more features, more stats, and more fun while also helping to support Sporcle. Thank you for becoming a member.

Show Comments

Extras

Top Quizzes Today


Score Distribution

Your Account Isn't Verified!

In order to create a playlist on Sporcle, you need to verify the email address you used during registration. Go to your Sporcle Settings to finish the process.

Report this User

Report this user for behavior that violates our Community Guidelines.

Details: